000 00358nam a2200133Ia 4500
008 240624s9999 xx 000 0 und d
041 _aeng
082 _a332.6 SHA
100 _aSHARMA ANURAG
245 _aBOOK OF VALUE THE FINE ART OF INVESTING
260 _c2016
_aNew York
_bColumbia University Press
300 _axviii, 336 p.; 23 cm.
365 _c
_b30
999 _c30272
_d30272